| 000 | 01485cam a2200229 4500500 | ||
|---|---|---|---|
| 005 | 20260322005957.0 | ||
| 041 | _afre | ||
| 042 | _adc | ||
| 100 | 1 | 0 |
_aBlanchard, Antoine _eauthor |
| 245 | 0 | 0 | _aLes prisonniers de guerre dans les conflits contemporains |
| 260 | _c2026. | ||
| 500 | _a92 | ||
| 520 | _aLa question des prisonniers de guerre était devenue secondaire en l’absence de véritables conflits entre États. Avec la guerre en Ukraine et le risque de combats de haute intensité, le sujet est redevenu d’actualité et oblige à revoir son environnement juridique autour des Conventions de Genève. Un ajustement législatif est aujourd’hui nécessaire pour renforcer ce statut qui avait été un peu oublié. | ||
| 520 | _aIn the absence of any real conflict between states, prisoners of war (PoW) had become a secondary issue; yet with the war in Ukraine and the risk of high-intensity combat the subject is once again under the spotlight and calls for a revision of the legal aspect of PoW status within the Geneva Conventions. Legislative change is now needed to reinforce that somewhat neglected status. | ||
| 690 | _acombattant | ||
| 690 | _aConvention de Genève | ||
| 690 | _aDIH | ||
| 690 | _ainternement | ||
| 690 | _aPrisonnier de guerre | ||
| 786 | 0 | _nRevue Défense Nationale | 887 | 2 | 2026-02-23 | p. 103-108 | 2105-7508 | |
| 856 | 4 | 1 | _uhttps://shs.cairn.info/revue-revue-defense-nationale-2026-2-page-103?lang=fr&redirect-ssocas=7080 |
| 999 |
_c1752892 _d1752892 |
||